Movies Quiz

Random Movies or Oscar Quiz

One Word Oscar Best Pictures Quiz Stats

 Plays Quiz Updated Apr 20, 2017

Challenge
Share
Tweet
Embed
Score 0/24 Timer 05:00
2 Plays Today
Year Movie % Correct
2016Moonlight
80.4%
1997Titanic
72%
2005Crash
63.7%
2015Spotlight
62.9%
2012Argo
62.3%
2000Gladiator
50.3%
1943Casablanca
47.7%
2002Chicago
44.2%
1976Rocky
42.1%
1928Wings
38.3%
1995Braveheart
37.6%
1982Gandhi
35.9%
Year Movie % Correct
1992Unforgiven
35.3%
1986Platoon
34.7%
1970Patton
34%
1984Amadeus
33.8%
1955Marty
27.9%
1968Oliver
26.2%
1958Gigi
25.7%
1940Rebecca
21.9%
1931Cimarron
21.3%
1948Hamlet
19.2%
1933Cavalcade
17.6%
1959Ben-Hur
16.5%

You're not logged in!

Compare scores with friends on all Sporcle quizzes.
OR
Log In

You Might Also Like...

Show Comments

Extras

Top Quizzes Today


Score Distribution

Your Account Isn't Verified!

In order to create a playlist on Sporcle, you need to verify the email address you used during registration. Go to your Sporcle Settings to finish the process.

Report this User

Report this user for behavior that violates our Community Guidelines.

Details: